| 000 | 00814nam a2200217 4500 | ||
|---|---|---|---|
| 005 | 20251029111744.0 | ||
| 008 | 221219b ||||| |||| 00| 0 eng d | ||
| 020 | _a9786214270743 | ||
| 082 | _aDFil 701.18 Sa551 2020 | ||
| 100 |
_aSanchez, Remedios A. _947211 |
||
| 245 |
_aArt appreciation / _cRemedios A. Sanchez, Ma. Delia P. Arabejo and Manuel V. dela Cruz, Jr. |
||
| 260 |
_aIntramuros, Manila : _bUnlimited Books library Services & Publishing Inc., _c©2020. |
||
| 300 |
_ax, 177 pages : _billustrations ; _c25 cm. |
||
| 500 | _aIncludes bibliographical references. | ||
| 650 |
_aArts. _947212 |
||
| 650 |
_aHumanities. _947213 |
||
| 650 |
_aArt appreciation. _947214 |
||
| 700 |
_aArabejo, Ma. Delia P. _eauthor. _947215 |
||
| 700 |
_adela Cruz, Manuel V., Jr. _eauthor. _947216 |
||
| 942 |
_2ddc _cDFIL |
||
| 999 |
_c17773 _d17773 |
||